000
00286 a2200109 4500
001
51084
040
_c
Anchieta - Pituba
240
1
0
_a
Grammatikalische Liebeslieder
_l
245
1
0
_a
Grammatikalische Liebeslieder
650
4
_a
Línguas germânicas (teutônicas) língua alemã
942
_c
MX
999
_c
51084
_d
51084